[Event "New Zealand Championship 2023"]
[Site "Wellington"]
[Date "2023.01.04"]
[Round "3.12"]
[White "Cummings, Nick"]
[Black "Zhu, David Junyang"]
[Result "1/2-1/2"]
[WhiteElo "2153"]
[BlackElo "1740"]

1. Nf3 {[%clk 01:30:57] [%emt 00:00:02]} 1... d5 {[%clk 01:30:49] [%emt
00:00:12]} 2. e3 {[%clk 01:31:04] [%emt 00:00:22]} 2... Nf6 {[%clk 01:31:09]
[%emt 00:00:09]} 3. c4 {[%clk 01:31:22] [%emt 00:00:12]} 3... e6 {[%clk
01:31:24] [%emt 00:00:14]} 4. Nc3 {[%clk 01:30:56] [%emt 00:00:57]} 4... Be7
{[%clk 01:30:20] [%emt 00:01:34]} 5. Qc2 {[%clk 01:30:13] [%emt 00:01:13]} 5...
O-O {[%clk 01:28:37] [%emt 00:02:13]} 6. b3 {[%clk 01:28:33] [%emt 00:02:10]}
6... b6 {[%clk 01:28:01] [%emt 00:01:36]} 7. Bb2 {[%clk 01:28:53] [%emt
00:00:40]} 7... Bb7 {[%clk 01:28:07] [%emt 00:00:24]} 8. Be2 {[%clk 01:28:26]
[%emt 00:00:57]} 8... Nbd7 {[%clk 01:27:16] [%emt 00:01:22]} 9. O-O {[%clk
01:27:41] [%emt 00:01:15]} 9... c5 {[%clk 01:25:53] [%emt 00:01:53]} 10. Rac1
{[%clk 01:26:22] [%emt 00:01:48]} 10... Rc8 {[%clk 01:24:24] [%emt 00:02:00]}
11. Rfd1 {[%clk 01:26:26] [%emt 00:00:27]} 11... Qc7 {[%clk 01:14:27] [%emt
00:10:26]} 12. cxd5 {[%clk 01:23:38] [%emt 00:03:18]} 12... exd5 {[%clk
01:14:28] [%emt 00:00:29]} 13. d4 {[%clk 01:23:45] [%emt 00:00:23]} 13... a6
{[%clk 01:12:13] [%emt 00:02:44]} 14. dxc5 {[%clk 01:21:50] [%emt 00:02:25]}
14... bxc5 {[%clk 01:12:17] [%emt 00:00:25]} 15. Na4 {[%clk 01:16:24] [%emt
00:05:56]} 15... Bd6 {[%clk 01:02:35] [%emt 00:10:13]} 16. h3 {[%clk 01:13:24]
[%emt 00:03:29]} 16... Ne4 {[%clk 00:59:49] [%emt 00:03:17]} 17. Qb1 {[%clk
01:09:32] [%emt 00:04:21]} 17... Ne5 {[%clk 00:50:31] [%emt 00:09:49]} 18. Qa1
{[%clk 00:59:19] [%emt 00:10:43]} 18... f6 {[%clk 00:46:14] [%emt 00:04:47]}
19. Nc3 {[%clk 00:54:04] [%emt 00:05:45]} 19... Nxc3 {[%clk 00:42:36] [%emt
00:04:09]} 20. Rxc3 {[%clk 00:51:11] [%emt 00:03:22]} 20... Rfd8 {[%clk
00:38:54] [%emt 00:04:11]} 21. Rc2 {[%clk 00:49:09] [%emt 00:02:33]} 21...
Nxf3+ {[%clk 00:38:52] [%emt 00:00:33]} 22. Bxf3 {[%clk 00:49:24] [%emt
00:00:14]} 22... Be5 {[%clk 00:39:12] [%emt 00:00:10]} 23. Rcd2 {[%clk
00:45:34] [%emt 00:04:19]} 23... Bxb2 {[%clk 00:33:58] [%emt 00:05:45]} 24.
Qxb2 {[%clk 00:46:01] [%emt 00:00:03]} 24... Qf7 {[%clk 00:32:00] [%emt
00:02:28]} 25. Rc2 {[%clk 00:41:49] [%emt 00:04:41]} 25... Rc7 {[%clk 00:28:20]
[%emt 00:04:11]} 26. Rdc1 {[%clk 00:39:38] [%emt 00:02:40]} 26... Rdc8 {[%clk
00:24:45] [%emt 00:04:06]} 27. Qa3 {[%clk 00:38:57] [%emt 00:01:10]} 27... c4
{[%clk 00:23:08] [%emt 00:02:08]} 28. Qa4 {[%clk 00:26:46] [%emt 00:12:41]}
28... h6 {[%clk 00:20:35] [%emt 00:03:02]} 29. bxc4 {[%clk 00:23:54] [%emt
00:03:22]} 29... Rxc4 {[%clk 00:20:31] [%emt 00:00:34]} 30. Rxc4 {[%clk
00:24:16] [%emt 00:00:08]} 30... Rxc4 {[%clk 00:20:49] [%emt 00:00:12]} 31.
Rxc4 {[%clk 00:24:38] [%emt 00:00:08]} 31... dxc4 {[%clk 00:21:12] [%emt
00:00:08]} 32. Bxb7 {[%clk 00:24:52] [%emt 00:00:16]} 32... Qxb7 {[%clk
00:21:36] [%emt 00:00:06]} 33. Qxc4+ {[%clk 00:25:12] [%emt 00:00:10]} 33...
Kh8 {[%clk 00:20:51] [%emt 00:01:15]} 34. a4 {[%clk 00:22:53] [%emt 00:02:49]}
34... Qb1+ {[%clk 00:19:43] [%emt 00:01:37]} 35. Kh2 {[%clk 00:22:10] [%emt
00:01:13]} 35... Qb8+ {[%clk 00:19:03] [%emt 00:01:11]} 36. g3 {[%clk 00:15:59]
[%emt 00:06:41]} 36... Qb6 {[%clk 00:18:35] [%emt 00:00:58]} 37. Qd4 {[%clk
00:15:14] [%emt 00:01:15]} 37... Qa5 {[%clk 00:18:32] [%emt 00:00:33]} 38. Kg2
{[%clk 00:14:33] [%emt 00:01:10]} 38... Kh7 {[%clk 00:18:07] [%emt 00:00:57]}
39. h4 {[%clk 00:43:51] [%emt 00:01:11]} 39... Kh8 {[%clk 00:45:44] [%emt
00:02:54]} 40. f3 {[%clk 00:36:23] [%emt 00:07:58]} 40... Qe1 {[%clk 00:44:45]
[%emt 00:01:29]} 41. Qd8+ {[%clk 00:31:44] [%emt 00:05:09]} 41... Kh7 {[%clk
00:45:06] [%emt 00:00:09]} 42. Qd3+ {[%clk 00:31:47] [%emt 00:00:27]} 42... Kg8
{[%clk 00:45:05] [%emt 00:00:30]} 43. Qxa6 {[%clk 00:27:49] [%emt 00:04:28]}
43... Qxe3 {[%clk 00:45:08] [%emt 00:00:28]} 44. Qa8+ {[%clk 00:26:41] [%emt
00:01:37]} 44... Kf7 {[%clk 00:45:21] [%emt 00:00:19]} 45. Qd5+ {[%clk
00:26:19] [%emt 00:00:52]} 45... Kf8 {[%clk 00:45:16] [%emt 00:00:35]} 46. h5
{[%clk 00:22:46] [%emt 00:04:01]} 46... Qe2+ {[%clk 00:44:31] [%emt 00:01:16]}
47. Kh3 {[%clk 00:22:42] [%emt 00:00:31]} 47... Qf1+ {[%clk 00:44:44] [%emt
00:00:19]} 48. Kg4 {[%clk 00:22:49] [%emt 00:00:23]} 48... Qc1 {[%clk 00:43:39]
[%emt 00:01:36]} 49. a5 {[%clk 00:21:48] [%emt 00:01:32]} 49... Qc8+ {[%clk
00:44:01] [%emt 00:00:07]} 50. Kh4 {[%clk 00:19:23] [%emt 00:02:53]} 50... Qa6
{[%clk 00:44:13] [%emt 00:00:19]} 51. Qd8+ {[%clk 00:18:32] [%emt 00:01:21]}
51... Kf7 {[%clk 00:44:18] [%emt 00:00:25]} 52. Qb6 {[%clk 00:16:42] [%emt
00:02:19]} 52... Qc4+ {[%clk 00:44:39] [%emt 00:00:10]} 53. f4 {[%clk 00:09:42]
[%emt 00:07:31]} 53... Qd5 {[%clk 00:44:19] [%emt 00:00:50]} 54. Qc7+ {[%clk
00:09:07] [%emt 00:01:05]} 54... Kg8 {[%clk 00:43:05] [%emt 00:01:44]} 55. Qb8+
{[%clk 00:06:02] [%emt 00:03:34]} 55... Kh7 {[%clk 00:43:32] [%emt 00:04:20]}
1/2-1/2

[Event "New Zealand Championship 2023"]
[Site "Wellington"]
[Date "2023.01.04"]
[Round "3.13"]
[White "Braganza, Nadia"]
[Black "Archer, Ollie"]
[Result "1-0"]
[WhiteElo "1838"]
[BlackElo "2151"]

1. e4 {[%clk 01:30:56] [%emt 00:00:03]} 1... c6 {[%clk 01:30:54] [%emt
00:00:06]} 2. d4 {[%clk 01:31:22] [%emt 00:00:05]} 2... d5 {[%clk 01:31:20]
[%emt 00:00:04]} 3. Nc3 {[%clk 01:31:48] [%emt 00:00:04]} 3... dxe4 {[%clk
01:31:44] [%emt 00:00:05]} 4. Nxe4 {[%clk 01:32:14] [%emt 00:00:04]} 4... Nd7
{[%clk 01:32:07] [%emt 00:00:07]} 5. Nf3 {[%clk 01:32:16] [%emt 00:00:28]} 5...
Ngf6 {[%clk 01:32:30] [%emt 00:00:08]} 6. Ng3 {[%clk 01:31:40] [%emt 00:01:07]}
6... e6 {[%clk 01:32:53] [%emt 00:00:07]} 7. Bd3 {[%clk 01:31:37] [%emt
00:00:33]} 7... c5 {[%clk 01:32:32] [%emt 00:00:51]} 8. c3 {[%clk 01:27:19]
[%emt 00:04:48]} 8... cxd4 {[%clk 01:31:27] [%emt 00:01:35]} 9. Nxd4 {[%clk
01:26:36] [%emt 00:01:14]} 9... Bc5 {[%clk 01:31:38] [%emt 00:00:18]} 10. O-O
{[%clk 01:23:30] [%emt 00:03:36]} 10... O-O {[%clk 01:29:19] [%emt 00:02:49]}
11. Nb3 {[%clk 01:12:18] [%emt 00:11:43]} 11... Bb6 {[%clk 01:25:25] [%emt
00:04:24]} 12. Qe2 {[%clk 01:05:03] [%emt 00:07:45]} 12... a5 {[%clk 01:22:38]
[%emt 00:03:17]} 13. a4 {[%clk 01:05:14] [%emt 00:00:19]} 13... Nd5 {[%clk
01:22:54] [%emt 00:00:13]} 14. Kh1 {[%clk 00:54:01] [%emt 00:11:42]} 14... Qh4
{[%clk 01:19:58] [%emt 00:03:26]} 15. Qh5 {[%clk 00:49:58] [%emt 00:04:33]}
15... Qxh5 {[%clk 01:20:06] [%emt 00:00:22]} 16. Nxh5 {[%clk 00:50:25] [%emt
00:00:04]} 16... Ne5 {[%clk 01:16:19] [%emt 00:04:17]} 17. Be2 {[%clk 00:50:11]
[%emt 00:00:43]} 17... Bd7 {[%clk 01:14:26] [%emt 00:02:23]} 18. Nf4 {[%clk
00:43:28] [%emt 00:07:14]} 18... Nf6 {[%clk 01:13:38] [%emt 00:01:17]} 19. f3
{[%clk 00:41:59] [%emt 00:01:59]} 19... Bc6 {[%clk 01:12:21] [%emt 00:01:47]}
20. Nd3 {[%clk 00:39:53] [%emt 00:02:36]} 20... Nxd3 {[%clk 01:06:10] [%emt
00:06:41]} 21. Bxd3 {[%clk 00:40:19] [%emt 00:00:05]} 21... Nd5 {[%clk
01:06:21] [%emt 00:00:19]} 22. Be4 {[%clk 00:32:15] [%emt 00:08:34]} 22... f5
{[%clk 01:05:50] [%emt 00:01:00]} 23. Bd3 {[%clk 00:28:48] [%emt 00:03:58]}
23... Rfd8 {[%clk 01:03:28] [%emt 00:02:52]} 24. Bc4 {[%clk 00:28:33] [%emt
00:00:45]} 24... Kf7 {[%clk 01:02:53] [%emt 00:01:04]} 25. Re1 {[%clk 00:26:06]
[%emt 00:02:58]} 25... Kf6 {[%clk 01:00:06] [%emt 00:03:17]} 26. Bxd5 {[%clk
00:17:01] [%emt 00:09:35]} 26... Bxd5 {[%clk 01:00:14] [%emt 00:00:23]} 27. Nd4
{[%clk 00:17:26] [%emt 00:00:05]} 27... e5 {[%clk 01:00:03] [%emt 00:00:40]}
28. h4 {[%clk 00:09:33] [%emt 00:08:23]} 28... exd4 {[%clk 00:59:32] [%emt
00:01:01]} 29. Bg5+ {[%clk 00:09:58] [%emt 00:00:05]} 29... Kf7 {[%clk
00:59:50] [%emt 00:00:12]} 30. Bxd8 {[%clk 00:10:14] [%emt 00:00:14]} 30...
Rxd8 {[%clk 01:00:13] [%emt 00:00:06]} 31. cxd4 {[%clk 00:09:30] [%emt
00:01:14]} 31... Bxd4 {[%clk 01:00:16] [%emt 00:00:27]} 32. Rad1 {[%clk
00:07:50] [%emt 00:02:09]} 32... Bxb2 {[%clk 00:59:23] [%emt 00:01:24]} 33. Re2
{[%clk 00:07:39] [%emt 00:00:42]} 33... Bc3 {[%clk 00:59:44] [%emt 00:00:09]}
34. Re3 {[%clk 00:06:15] [%emt 00:01:54]} 34... Bb4 {[%clk 00:59:56] [%emt
00:00:18]} 35. Re5 {[%clk 00:06:07] [%emt 00:00:37]} 35... Kf6 {[%clk 00:57:05]
[%emt 00:03:22]} 36. Rdxd5 {[%clk 00:06:16] [%emt 00:00:21]} 36... Rxd5 {[%clk
00:57:19] [%emt 00:00:16]} 37. Rxd5 {[%clk 00:06:41] [%emt 00:00:05]} 37... b6
{[%clk 00:57:45] [%emt 00:00:04]} 38. g4 {[%clk 00:06:19] [%emt 00:00:52]}
38... fxg4 {[%clk 00:57:47] [%emt 00:00:28]} 39. fxg4 {[%clk 00:06:45] [%emt
00:00:04]} 39... h6 {[%clk 00:58:04] [%emt 00:00:13]} 40. Kg2 {[%clk 00:37:02]
[%emt 00:00:13]} 40... Ke6 {[%clk 01:28:15] [%emt 00:00:19]} 41. Rd3 {[%clk
00:36:59] [%emt 00:00:33]} 41... Ke5 {[%clk 01:28:08] [%emt 00:00:37]} 42. Kf3
{[%clk 00:37:24] [%emt 00:00:05]} 42... Be7 {[%clk 01:28:12] [%emt 00:00:26]}
43. h5 {[%clk 00:37:35] [%emt 00:00:19]} 43... Ke6 {[%clk 01:27:10] [%emt
00:01:32]} 44. Ke4 {[%clk 00:37:51] [%emt 00:00:14]} 44... Bd6 {[%clk 01:27:28]
[%emt 00:00:12]} 45. Rd5 {[%clk 00:37:24] [%emt 00:00:57]} 45... Bc5 {[%clk
01:26:54] [%emt 00:01:05]} 46. Re5+ {[%clk 00:37:21] [%emt 00:00:33]} 46... Kf6
{[%clk 01:27:09] [%emt 00:00:15]} 47. Kd5 {[%clk 00:37:32] [%emt 00:00:19]}
47... Kf7 {[%clk 01:26:29] [%emt 00:01:11]} 48. Kc6 {[%clk 00:36:15] [%emt
00:01:47]} 48... Bg1 {[%clk 01:21:50] [%emt 00:05:08]} 49. Kd7 {[%clk 00:34:35]
[%emt 00:02:10]} 49... Bc5 {[%clk 01:21:54] [%emt 00:00:27]} 50. Rf5+ {[%clk
00:34:58] [%emt 00:00:07]} 50... Kg8 {[%clk 01:22:15] [%emt 00:00:08]} 51. Kc6
{[%clk 00:34:59] [%emt 00:00:29]} 51... Be3 {[%clk 01:22:10] [%emt 00:00:35]}
52. Rb5 {[%clk 00:35:02] [%emt 00:00:27]} 52... Kf7 {[%clk 01:22:33] [%emt
00:00:08]} 53. Rxb6 {[%clk 00:35:00] [%emt 00:00:32]} 1-0

[Event "New Zealand Championship 2023"]
[Site "Wellington"]
[Date "2023.01.04"]
[Round "3.14"]
[White "Zhang, Kendrick Botong"]
[Black "Timergazi, Layla"]
[Result "0-1"]
[WhiteElo "2071"]
[BlackElo "2136"]

1. e4 {[%clk 01:30:58] [%emt 00:00:02]} 1... c6 {[%clk 01:30:50] [%emt
00:00:10]} 2. d4 {[%clk 01:31:21] [%emt 00:00:07]} 2... d5 {[%clk 01:31:13]
[%emt 00:00:07]} 3. e5 {[%clk 01:31:46] [%emt 00:00:05]} 3... Bf5 {[%clk
01:31:25] [%emt 00:00:18]} 4. Nd2 {[%clk 01:32:04] [%emt 00:00:12]} 4... e6
{[%clk 01:31:36] [%emt 00:00:19]} 5. Nb3 {[%clk 01:32:27] [%emt 00:00:06]} 5...
Nd7 {[%clk 01:31:31] [%emt 00:00:35]} 6. Nf3 {[%clk 01:32:33] [%emt 00:00:24]}
6... c5 {[%clk 01:30:55] [%emt 00:01:05]} 7. dxc5 {[%clk 01:31:22] [%emt
00:01:41]} 7... a6 {[%clk 01:29:51] [%emt 00:01:34]} 8. Nbd4 {[%clk 01:12:15]
[%emt 00:19:37]} 8... Bg4 {[%clk 01:26:56] [%emt 00:03:25]} 9. Bf4 {[%clk
00:59:02] [%emt 00:13:43]} 9... Bxc5 {[%clk 01:24:25] [%emt 00:03:01]} 10. Qd2
{[%clk 00:50:27] [%emt 00:09:04]} 10... Ne7 {[%clk 01:20:35] [%emt 00:04:20]}
11. h3 {[%clk 00:40:01] [%emt 00:10:56]} 11... Bxf3 {[%clk 01:18:30] [%emt
00:02:34]} 12. Nxf3 {[%clk 00:40:13] [%emt 00:00:19]} 12... Nc6 {[%clk
01:07:26] [%emt 00:11:35]} 13. O-O-O {[%clk 00:26:30] [%emt 00:14:12]} 13...
Qb6 {[%clk 00:56:24] [%emt 00:11:32]} 14. Bg3 {[%clk 00:23:27] [%emt 00:03:33]}
14... Rc8 {[%clk 00:53:07] [%emt 00:03:48]} 15. Kb1 {[%clk 00:22:54] [%emt
00:01:03]} 15... O-O {[%clk 00:41:04] [%emt 00:12:33]} 16. c3 {[%clk 00:22:22]
[%emt 00:01:05]} 16... Be7 {[%clk 00:34:14] [%emt 00:07:16]} 17. Bd3 {[%clk
00:17:37] [%emt 00:05:15]} 17... Nc5 {[%clk 00:33:54] [%emt 00:00:50]} 18. Ka1
{[%clk 00:12:03] [%emt 00:06:03]} 18... Na5 {[%clk 00:30:07] [%emt 00:04:16]}
19. Nd4 {[%clk 00:12:08] [%emt 00:00:26]} 19... Nxd3 {[%clk 00:22:21] [%emt
00:08:16]} 20. Qxd3 {[%clk 00:12:31] [%emt 00:00:06]} 20... Nc4 {[%clk
00:22:27] [%emt 00:00:25]} 21. Qe2 {[%clk 00:09:46] [%emt 00:03:16]} 21... a5
{[%clk 00:20:17] [%emt 00:02:40]} 22. f4 {[%clk 00:08:56] [%emt 00:01:19]}
22... a4 {[%clk 00:19:33] [%emt 00:01:14]} 23. f5 {[%clk 00:07:20] [%emt
00:02:06]} 23... a3 {[%clk 00:16:02] [%emt 00:04:01]} 24. b3 {[%clk 00:07:12]
[%emt 00:00:38]} 24... Nb2 {[%clk 00:15:35] [%emt 00:00:58]} 25. Rc1 {[%clk
00:06:59] [%emt 00:00:41]} 25... Bg5 {[%clk 00:12:02] [%emt 00:04:03]} 26. Rc2
{[%clk 00:06:24] [%emt 00:01:06]} 26... Rxc3 {[%clk 00:10:40] [%emt 00:01:51]}
27. Bf2 {[%clk 00:01:16] [%emt 00:05:38]} 27... Rxc2 {[%clk 00:10:16] [%emt
00:00:53]} 28. Nxc2 {[%clk 00:01:38] [%emt 00:00:08]} 28... Qa5 {[%clk
00:05:23] [%emt 00:05:23]} 29. Nxa3 {[%clk 00:01:38] [%emt 00:00:30]} 29...
Qxa3 {[%clk 00:04:33] [%emt 00:01:20]} 30. Qxb2 {[%clk 00:02:01] [%emt
00:00:08]} 30... Qxb2+ {[%clk 00:04:46] [%emt 00:00:17]} 31. Kxb2 {[%clk
00:02:23] [%emt 00:00:07]} 31... exf5 {[%clk 00:05:11] [%emt 00:00:05]} 32. Rd1
{[%clk 00:01:24] [%emt 00:01:29]} 32... Rd8 {[%clk 00:05:36] [%emt 00:00:04]}
33. Bd4 {[%clk 00:00:40] [%emt 00:01:14]} 33... Kf8 {[%clk 00:04:29] [%emt
00:01:37]} 34. Rd3 {[%clk 00:00:38] [%emt 00:00:33]} 34... Ke7 {[%clk 00:04:05]
[%emt 00:00:54]} 35. Rc3 {[%clk 00:00:44] [%emt 00:00:24]} 35... Rd7 {[%clk
00:02:54] [%emt 00:01:41]} 36. Rc8 {[%clk 00:00:50] [%emt 00:00:24]} 36... Ke6
{[%clk 00:02:47] [%emt 00:00:36]} 37. a4 {[%clk 00:00:55] [%emt 00:00:25]}
37... f4 {[%clk 00:02:14] [%emt 00:01:03]} 38. Rc2 {[%clk 00:00:38] [%emt
00:00:47]} 38... Kf5 {[%clk 00:02:26] [%emt 00:00:19]} 39. b4 {[%clk 00:00:38]
[%emt 00:00:30]} 39... Ke4 {[%clk 00:02:08] [%emt 00:00:48]} 40. Rd2 {[%clk
00:30:35] [%emt 00:00:34]} 40... f3 {[%clk 00:31:03] [%emt 00:01:34]} 41. gxf3+
{[%clk 00:22:15] [%emt 00:08:49]} 41... Kxf3 {[%clk 00:31:28] [%emt 00:00:05]}
42. Rd1 {[%clk 00:12:34] [%emt 00:10:12]} 42... Be3 {[%clk 00:27:31] [%emt
00:04:27]} 43. Bc3 {[%clk 00:02:20] [%emt 00:10:44]} 43... d4 {[%clk 00:25:27]
[%emt 00:02:34]} 44. Kb3 {[%clk 00:02:16] [%emt 00:00:34]} 44... d3 {[%clk
00:23:30] [%emt 00:02:27]} 45. b5 {[%clk 00:00:49] [%emt 00:01:58]} 45... d2
{[%clk 00:23:01] [%emt 00:00:58]} 46. b6 {[%clk 00:00:33] [%emt 00:00:46]}
46... Ke2 {[%clk 00:22:55] [%emt 00:00:36]} 47. Kc2 {[%clk 00:00:57] [%emt
00:00:06]} 47... Rd8 {[%clk 00:20:39] [%emt 00:02:46]} 48. a5 {[%clk 00:00:53]
[%emt 00:00:34]} 48... Rc8 {[%clk 00:20:30] [%emt 00:00:40]} 49. a6 {[%clk
00:00:35] [%emt 00:00:48]} 49... Rxc3+ {[%clk 00:17:21] [%emt 00:03:38]} 50.
Kxc3 {[%clk 00:00:58] [%emt 00:00:07]} 50... Kxd1 {[%clk 00:17:45] [%emt
00:00:06]} 51. axb7 {[%clk 00:00:36] [%emt 00:00:52]} 51... Ke2 {[%clk
00:16:14] [%emt 00:02:01]} 52. b8=Q {[%emt 00:00:15]} 52... d1=Q {[%clk
00:16:30] [%emt 00:00:13]} 53. b7 {[%clk 00:00:39] [%emt 00:00:43]} 53... Qd3+
{[%clk 00:15:44] [%emt 00:01:15]} 54. Kb4 {[%clk 00:01:01] [%emt 00:00:09]}
54... Qd4+ {[%clk 00:14:48] [%emt 00:01:25]} 55. Kb3 {[%clk 00:00:39] [%emt
00:00:53]} 55... Qd5+ {[%clk 00:13:47] [%emt 00:01:31]} 56. Ka4 {[%clk
00:00:38] [%emt 00:00:30]} 56... Qc4+ {[%clk 00:13:26] [%emt 00:00:51]} 57. Ka3
{[%clk 00:00:33] [%emt 00:00:36]} 57... Bc1# {[%clk 00:13:49] [%emt 00:00:06]}
0-1